| 000 | 01203nam a2200325 i 4500 | ||
|---|---|---|---|
| 001 | 7966 | ||
| 003 | KOSZ 005 | ||
| 005 | 20200624121837.0 | ||
| 008 | 071021s1966 pl a f 000 0 pol | ||
| 015 | _aPB 1966/8235 | ||
| 040 |
_aWA N _cKOSZ 005/RW _dKOSZ 005/RW _dKOSZ 005/HR |
||
| 046 | _k1966 | ||
| 080 | _a624.01/.07 | ||
| 100 | 1 |
_aLewicki, Bohdan _d(1921-2012) _eAutor |
|
| 245 | 1 | 0 |
_aKonstrukcja i obliczenia statyczne budynków ze ścianami monolitycznymi : _bwskazówki do projektowania / _cBohdan Lewicki, Jan Pawlikowski. |
| 260 |
_aWarszawa : _b"Arkady", _c1966. |
||
| 300 |
_a107 s. : _bil. ; _c23 cm. |
||
| 380 | _aKsiążki. | ||
| 388 | _a1901-2000 | ||
| 490 | 1 |
_aBIB Biblioteka Inżynierii i Budownictwa ; _v12. |
|
| 504 | _aBibliogr. s. 107. | ||
| 658 | _aArchitektura i budownictwo | ||
| 650 | 4 | _aKonstrukcje budowlane | |
| 650 | 4 | _aStatyka budowlana | |
| 710 | 2 |
_aWydawnictwo "Arkady". _4pbl. |
|
| 700 | 1 |
_aPawlikowski, Jan _c(budownictwo) _eAutor |
|
| 830 | 0 |
_aBIB Biblioteka Inżynierii i Budownictwa ; _v12. |
|
| 856 |
_uhttp://koha.tu.koszalin.pl/cgi-bin/koha/opac-detail.pl?biblionumber=7966 _yKatalog online BPK |
||
| 942 |
_2UKD _cKS |
||
| 999 |
_c7966 _d7966 |
||